[Event "WYb16"]
[Site "Belfort FRA"]
[Date "2005.07.21"]
[Round "3"]
[White "Kalashian,D"]
[Black "Nepomniachtchi,I"]
[Result "0-1"]
[WhiteElo "2292"]
[BlackElo "2502"]

1.e4 e6 2.d4 d5 3.Nd2 Be7 4.Ngf3 Nf6 5.e5 Nfd7 6.Bd3 c5 7.c3 b6 8.Qe2 a5
9.O-O Ba6 10.c4 Nc6 11.cxd5 Bxd3 12.Qxd3 Nb4 13.Qe2 Nxd5 14.Nc4 O-O 15.b3 cxd4
16.Nxd4 Bc5 17.Bb2 a4 18.Nb5 Qh4 19.g3 Qh3 20.Bd4 Rfc8 21.Rfc1 Qh6 22.f4 axb3
23.axb3 Rxa1 24.Rxa1 Nc3 25.Qf3 Nxb5 26.Bxc5 Rxc5 27.Ra8+ Nf8 28.Rxf8+ Kxf8
29.Qa8+ Ke7 30.Qb7+ Rc7 31.Qxb6 Qh5 32.Qxb5 Qd1+ 33.Kf2 Qd5 34.Qb8 Qc5+ 35.Ke2 Ra7
36.Kf3 h5 37.Kg2 Ra2+ 38.Kh3 Qc6 39.Ne3 Re2 40.Qa7+ Kf8 41.Qb8+ Qe8 42.Qxe8+ Kxe8
43.Nc4 Kf8 44.Na5 Rb2 45.Nc4 Rxb3 46.Kh4 g6 47.Nd6 Kg7 48.Ne8+ Kh6 49.Nd6 g5+
50.fxg5+ Kg6 51.g4 Rb4 52.h3 hxg4 53.hxg4 Rb3 54.Nc8 Re3 55.Ne7+ Kg7 56.Nc6 Re1
57.Kg3 Kg6 58.Kf2 Rc1 59.Nd4 Kxg5 60.Kg3 Rg1+  0-1

[Event "Open A"]
[Site "Pardubice CZE"]
[Date "2005.07.23"]
[Round "2"]
[White "Mojzis,Jan"]
[Black "Eryomenko,V"]
[Result "1/2-1/2"]
[WhiteElo "2217"]
[BlackElo "2386"]

1.e4 e6 2.d4 d5 3.Nd2 a6 4.Ngf3 c5 5.exd5 exd5 6.dxc5 Bxc5 7.Nb3 Ba7 8.Bg5 Nf6
9.Qe2+ Be6 10.Nfd4 Qd7 11.Bxf6 gxf6 12.O-O-O Nc6 13.Qf3 f5 14.Qf4 Bb8 15.Qh6 Bd6
16.f4 Ne7 17.g3 Ng6 18.Bd3  1/2-1/2

[Event "Open A"]
[Site "Pardubice CZE"]
[Date "2005.07.23"]
[Round "2"]
[White "Varitski,I"]
[Black "Visser,Y"]
[Result "1/2-1/2"]
[WhiteElo "2355"]
[BlackElo "2480"]

1.e4 e6 2.d4 d5 3.Nd2 Nc6 4.Ngf3 Nf6 5.e5 Nd7 6.Be2 f6 7.exf6 Nxf6 8.Bb5 Bd6
9.O-O O-O 10.Qe2 Qe8 11.Bxc6 bxc6 12.Re1 a5 13.a4 Kh8 14.b3 Ba6 15.c4 c5
16.Ba3  1/2-1/2

[Event "Open A"]
[Site "Pardubice CZE"]
[Date "2005.07.24"]
[Round "3"]
[White "Zubarev,Al1"]
[Black "Vavrak,P"]
[Result "1-0"]
[WhiteElo "2521"]
[BlackElo "2412"]

1.e4 e6 2.d4 d5 3.Nd2 Be7 4.Bd3 c5 5.dxc5 Nf6 6.Qe2 O-O 7.Ngf3 a5 8.c3 Na6
9.e5 Nd7 10.Nb3 Naxc5 11.Nxc5 Nxc5 12.Bc2 b6 13.Bf4 Ba6 14.Qe3 Qd7 15.O-O-O Rfc8
16.Ng5 Bxg5 17.Bxg5 Qb5 18.Rd4 Qe2 19.Qg3 Ne4 20.Bxe4 dxe4 21.Bf6 g6 22.Qf4 Bd3
23.Qd2 Rc4 24.Qxe2 Bxe2 25.Rhd1 Rxd4 26.Rxd4 Bf1 27.g3 Bg2 28.a4 Kf8 29.c4 Ke8
30.b3 Rc8 31.Kd2 Bf1 32.Rd6 Rb8 33.Kc3 h5 34.h4 Be2 35.Bg5  1-0

[Event "Open A"]
[Site "Pardubice CZE"]
[Date "2005.07.25"]
[Round "4"]
[White "Sprenger,J"]
[Black "Eryomenko,V"]
[Result "1-0"]
[WhiteElo "2508"]
[BlackElo "2386"]

1.e4 e6 2.d4 d5 3.Nd2 a6 4.Ngf3 Nf6 5.e5 Nfd7 6.c4 dxc4 7.Bxc4 b5 8.Bd3 Bb7
9.Qe2 Nb6 10.O-O Nc6 11.Nb3 Nb4 12.Bb1 Be7 13.Rd1 Bd5 14.Nc5 Nc6 15.Ne4 h6
16.b3 b4 17.Be3 a5 18.Bc2 Qc8 19.Nfd2 Qa6 20.Bd3 Qb7 21.Rac1 a4 22.Qg4 g6
23.Rc2 axb3 24.axb3 Ra3 25.Rdc1 Nd7 26.Bc4 Bxc4 27.Rxc4 Ra6 28.Qf3 Kf8 29.Nf6 Bxf6
30.exf6 Ndb8 31.Qe4 Ra5 32.h4 Rd5 33.Qc2 Ke8 34.Nf3 Qa6 35.Bf4 g5 36.Bxc7 g4
37.Bxb8  1-0

[Event "Open A"]
[Site "Pardubice CZE"]
[Date "2005.07.25"]
[Round "4"]
[White "Czarnota,D"]
[Black "Ortmann,D"]
[Result "1-0"]
[WhiteElo "2238"]
[BlackElo "2313"]

1.e4 e6 2.d4 d5 3.Nd2 Be7 4.Ngf3 Nf6 5.e5 Nfd7 6.Bd3 c5 7.O-O Nc6 8.Re1 cxd4
9.Nb3 Qc7 10.Nbxd4 Nc5 11.Bf4 a6 12.c3 Nxd3 13.Qxd3 Bd7 14.a4 Rc8 15.Nxc6 Bxc6
16.Nd4 O-O 17.Re3 Bd7 18.Rh3 g6 19.Qe3 f5 20.exf6 Bd6 21.Bxd6 Qxd6 22.Qh6 Rf7
23.Nf3 e5 24.Ng5 Bxh3 25.Nxf7 Kxf7 26.Qxh3 Rh8 27.Rd1 Kxf6 28.c4 d4 29.Qf3+ Kg5
30.Qxb7 Rb8 31.Qxh7 Rxb2 32.h4+ Kf6 33.Qh8+ Kf7 34.f4 Qc6 35.Qh7+ Ke8 36.Qh8+ Kf7
37.Qh7+ Ke8 38.Qg8+ Kd7 39.Qf7+ Kc8 40.Qd5 Qxa4 41.Rf1 e4 42.Qxe4 Qxc4 43.Rd1 Rb4
44.Qxg6 Qc3 45.Qxa6+ Kd7 46.Qd3 Ke6 47.Qe4+ Kd6 48.Re1 Kc5 49.Qe6 Rb3 50.Qe5+ Kb4
51.Qd6+  1-0

[Event "WYg18"]
[Site "Belfort FRA"]
[Date "2005.07.26"]
[Round "8"]
[White "Markantonaki,H"]
[Black "Morales Mendoza,L"]
[Result "1-0"]
[WhiteElo "2115"]
[BlackElo "2149"]

1.e4 e6 2.d4 d5 3.Nd2 Be7 4.Bd3 c5 5.dxc5 Bxc5 6.Ngf3 Nc6 7.c3 Nf6 8.O-O Qc7
9.Qe2 a6 10.a4 h6 11.exd5 Nxd5 12.Nb3 Bd6 13.Bc2 Bd7 14.Rd1 Kf8 15.h3 Re8
16.Nbd4 Nce7 17.Re1 Nf4 18.Bxf4 Bxf4 19.c4 Nc6 20.Nxc6 Bxc6 21.Nd4 Bd7 22.Rad1 g5
23.b4 h5 24.c5 h4 25.Qf3 Kg7 26.Qc3 Kg8 27.Ne2 Bc6 28.Nxf4 Qxf4 29.Rd4 Qf6
30.Qd2 Kf8 31.Rd1 Rg8 32.Qe2 Qe7 33.Bb3 b5 34.cxb6 Qb7 35.f3 Qxb6 36.Kh1 Qb7
37.Bc2 e5 38.Rd6 e4 39.Bxe4 Bxe4 40.fxe4 Qxb4 41.R1d4 Qb7 42.Qf3 Rg6 43.Rxg6  1-0

[Event "MTO Open"]
[Site "Biel SUI"]
[Date "2005.07.26"]
[Round "8"]
[White "Straub,P"]
[Black "Curien,N"]
[Result "1-0"]
[WhiteElo "2084"]
[BlackElo "2264"]

1.e4 e6 2.d4 d5 3.Nd2 Nc6 4.Ngf3 Nf6 5.c3 dxe4 6.Ne5 Nxe5 7.dxe5 e3 8.fxe3 Nd5
9.Nf3 Bc5 10.Qe2 Bd7 11.e4 Nb6 12.Bg5 f6 13.exf6 gxf6 14.Bh4 Be7 15.O-O-O e5
16.Nxe5 fxe5 17.Qh5+ Kf8 18.Bc4 Nxc4 19.Rhf1+ Kg7 20.Rf7+ Kg8 21.Rxe7  1-0

[Event "Open A"]
[Site "Pardubice CZE"]
[Date "2005.07.26"]
[Round "5"]
[White "Shanava,K"]
[Black "Turner,Ja"]
[Result "1-0"]
[WhiteElo "2477"]
[BlackElo "2346"]

1.e4 e6 2.d4 d5 3.Nd2 Nc6 4.Ngf3 Nf6 5.e5 Nd7 6.c3 f6 7.Nh4 g6 8.Qg4 Qe7
9.f4 f5 10.Qh3 Qf7 11.Ndf3 h6 12.g4 b6 13.Rg1 Ne7 14.Bd3 Bb7 15.Nxg6 Qxg6
16.gxf5 Qh7 17.Nh4 exf5 18.Nxf5 Nxf5 19.Bxf5 Qe7 20.Bg6+ Kd8 21.Be3 Bc8 22.f5 c6
23.Bg5 hxg5 24.Qxh8 Kc7 25.f6 Qe6 26.O-O-O  1-0

[Event "International"]
[Site "Guelph CAN"]
[Date "2005.07.28"]
[Round "2"]
[White "Stevens,C CAN"]
[Black "Shipov,S"]
[Result "1/2-1/2"]
[WhiteElo "2319"]
[BlackElo "2582"]

1.e4 e6 2.d4 d5 3.Nd2 Be7 4.c3 c5 5.exd5 exd5 6.Ngf3 Nf6 7.Be2 Nc6 8.dxc5 Bxc5
9.Nb3 Bb6 10.O-O O-O 11.Bg5 Re8 12.Nfd4 Qd6 13.Bf3 Ne4 14.Be3 Ne5 15.Nb5 Qc6
16.Bxb6 Qxb5 17.Be3 Nxf3+ 18.Qxf3 a5  1/2-1/2

[Event "Open A"]
[Site "Pardubice CZE"]
[Date "2005.07.28"]
[Round "7"]
[White "Kuzmina,O"]
[Black "Vavrak,P"]
[Result "1/2-1/2"]
[WhiteElo "2273"]
[BlackElo "2412"]

1.e4 e6 2.d4 d5 3.Nd2 Be7 4.c3 c5 5.exd5 exd5 6.Ngf3 Nf6 7.dxc5 Bxc5 8.Nb3 Bb6
9.Bd3 O-O 10.O-O Nc6 11.Bg5 h6 12.Bh4 g5 13.Bg3 Ne4 14.Nfd4 Qf6 15.Bc2 Re8
16.Qd3 Bf5 17.Nxf5 Qxf5 18.Qb5 Qf6 19.a4 Nxg3 20.hxg3 d4 21.a5 Re5 22.Qd3 Nxa5
23.cxd4 Rd5 24.Nxa5 Rxa5 25.Rxa5 Bxa5 26.Qe4 Bb6 27.d5 Rd8 28.b3 Kf8 29.Qb4+ Kg7
30.Qe4 a5 31.Kh2 Bc5 32.Bd3 b6 33.Kg1 Rd7 34.Bc4 Re7 35.Qf3 Qxf3 36.gxf3 Kf6
37.Kg2 Bb4  1/2-1/2

[Event "Open A"]
[Site "Pardubice CZE"]
[Date "2005.07.28"]
[Round "7"]
[White "Anisimov,P"]
[Black "Potkin,V"]
[Result "0-1"]
[WhiteElo "2492"]
[BlackElo "2534"]

1.e4 e6 2.d4 d5 3.Nd2 a6 4.Ngf3 c5 5.exd5 exd5 6.dxc5 Bxc5 7.Nb3 Bb6 8.Qe2+ Ne7
9.Bg5 Nc6 10.O-O-O O-O 11.Nfd4 Re8 12.Nxc6 bxc6 13.Qd2 a5 14.Nd4 Bd7 15.Kb1 a4
16.a3 Ba5 17.Qc1 Qb6 18.c4 c5 19.Nb5 f6 20.Be3 d4 21.Bf4 Ng6 22.Bg3 Ne5 23.Bxe5 fxe5
24.f3 Bf5+ 25.Bd3 Bxd3+ 26.Rxd3 e4 27.fxe4 Rxe4 28.Qg5 Rd8 29.Rg3 Qg6 30.Qxd8+ Bxd8
31.Rxg6 hxg6 32.h3 Re2 33.g4 Kf7 34.Rf1+ Ke6 35.Kc1 Bg5+ 36.Kb1 Bd8 37.Rf3 Bf6
38.b4 axb3 39.Rxb3 Bd8 40.Kc1 Ke5 41.Kd1 Rh2 42.Kc1 Ba5 43.a4 Kf4 44.Nd6 Ra2
45.Kb1 Rxa4 46.Nb7 Bb4 47.Nd8 Ke4 48.Ne6 d3 49.Kb2 d2 50.Ng5+ Kf4 51.Ne6+ Ke5  0-1

[Event "WYg18"]
[Site "Belfort FRA"]
[Date "2005.07.29"]
[Round "11"]
[White "Szczepkowska,K"]
[Black "Hoolt,S"]
[Result "1-0"]
[WhiteElo "2245"]
[BlackElo "2127"]

1.e4 e6 2.d4 d5 3.Nd2 Nc6 4.Ngf3 Nf6 5.e5 Nd7 6.Nb3 f6 7.Bb5 Be7 8.exf6 Bxf6
9.O-O O-O 10.Re1 Re8 11.Bf4 a5 12.a4 Ncb8 13.Bxd7 Nxd7 14.Ne5 Nxe5 15.Bxe5 b6
16.Nd2 c5 17.c3 Ba6 18.Nf3 Rc8 19.Qd2 Bc4 20.Re3 cxd4 21.Nxd4 Bg5 22.f4 Bh6
23.Rae1 Qd7 24.g4 g5 25.f5 exf5 26.Nxf5 Bf8 27.Rh3 h6 28.Bd4 Rxe1+ 29.Qxe1 Re8
30.Re3 Kf7 31.Rxe8 Qxe8 32.Qxe8+ Kxe8 33.Bxb6 Bb3 34.Bxa5 Bxa4 35.Bb4 Bxb4
36.cxb4 Kf7 37.b5 Ke8 38.b6 Kd7 39.Nxh6 Bd1 40.h3 Kc6 41.Nf7 Kxb6 42.Nxg5 Kc5
43.Kf2 Kd4 44.Ne6+ Ke4 45.b4 d4 46.b5  1-0

[Event "15th ETC"]
[Site "Gothenburg SWE"]
[Date "2005.07.30"]
[Round "1"]
[White "Hracek,Z"]
[Black "Karlsson,L"]
[Result "1/2-1/2"]
[WhiteElo "2591"]
[BlackElo "2472"]

1.d4 e6 2.e4 d5 3.Nd2 a6 4.Ngf3 c5 5.c3 Nf6 6.e5 Nfd7 7.Bd3 Nc6 8.O-O b5
9.Re1 Bb7 10.Nf1 Be7 11.Ng3 h5 12.h3 cxd4 13.cxd4 Nb6 14.b3 Rc8 15.a3 g6
16.Be3 Kd7 17.Nd2 b4 18.a4 a5 19.Nf3 Kc7 20.Qd2 Kb8 21.Ne2 Nd7 22.Bg5 Rf8
23.h4 Qb6 24.Rac1 Bxg5 25.Qxg5 Ba6 26.Bxa6 Qxa6 27.Qd2 Qb6 28.Ng5 Kb7 29.Rc2 Ne7
30.Rxc8 Kxc8 31.Ng3 Nc6 32.Rd1 Kb7 33.Qf4 Nd8 34.Ne2 Qc6 35.Rc1 Qa6 36.Qf3 Qb6
37.Rc2 Kb8 38.Qe3 Kb7 39.Nc1 f6 40.exf6 Rxf6 41.Qg3 Nc6 42.Ne2 e5 43.Nf3 e4
44.Ne5 Ndxe5 45.dxe5 Nxe5 46.Qxe5 Qxf2+ 47.Kh2 Qxh4+ 48.Kg1 Qe1+ 49.Kh2  1/2-1/2

[Event "15th ETC"]
[Site "Gothenburg SWE"]
[Date "2005.07.31"]
[Round "2"]
[White "Nevednichy,V"]
[Black "Pelletier,Y"]
[Result "1-0"]
[WhiteElo "2583"]
[BlackElo "2603"]

1.e4 e6 2.d4 d5 3.Nd2 Be7 4.e5 c5 5.Qg4 Kf8 6.dxc5 Nc6 7.Qg3 f6 8.Ngf3 Nh6
9.Bd3 Nf7 10.exf6 gxf6 11.O-O e5 12.Nh4 e4 13.Nxe4 dxe4 14.Bxe4 Nd4 15.Qd3 Ne6
16.Qe2 Qc7 17.Re1 Bxc5 18.Bd5 Ng7 19.Qc4 Bd6 20.Qb3 Ne5 21.h3 Ng6 22.Nf3 h5
23.Nd4 Qb6 24.Nb5 Bc5 25.Be3 Bd7 26.Bxc5+ Qxc5 27.Nc3 Bc6 28.Rad1 Nf4 29.Bxc6 bxc6
30.Rd7  1-0

[Event "Open"]
[Site "Nice FRA"]
[Date "2005.08.02"]
[Round "2"]
[White "Marholev,D"]
[Black "Ribreau,H"]
[Result "1-0"]
[WhiteElo "2423"]
[BlackElo "2242"]

1.e4 e6 2.d4 d5 3.Nd2 Be7 4.Bd3 c5 5.dxc5 Nf6 6.exd5 Qxd5 7.Ngf3 Nbd7 8.b4 a5
9.Bc4 Qh5 10.c3 Nd5 11.Qb3 Nxc3 12.bxa5 Bf6 13.Ba3 Nxc5 14.Qb4 Nd7 15.Rc1 b5
16.axb6 Ra4 17.b7 Bxb7 18.Qxb7 Rxa3 19.Qc8+ Ke7 20.Qxh8 Nf8 21.O-O Ra8 22.Nb1 Ne4
23.Be2 Qa5 24.Rfd1 Qa7 25.Rf1 h6 26.Bb5 Rd8 27.a4 Ng6 28.Qxd8+ Kxd8 29.Rfd1+ Ke7
30.Rd7+ Qxd7 31.Bxd7 Kxd7 32.a5 Bd8 33.a6 Bb6 34.Nbd2 Nxf2 35.Kf1 Nd3 36.Rb1 Kc7
37.Nc4 Bc5 38.Rb7+ Kc8 39.Nb6+ Bxb6 40.Rxb6  1-0

[Event "15th ETC Women"]
[Site "Gothenburg SWE"]
[Date "2005.08.03"]
[Round "5"]
[White "Makropoulou,M"]
[Black "Aginian,N"]
[Result "1-0"]
[WhiteElo "2287"]
[BlackElo "2324"]

1.e4 e6 2.d4 d5 3.Nd2 Be7 4.Bd3 c5 5.dxc5 Nf6 6.Qe2 O-O 7.Ngf3 a5 8.O-O Na6
9.exd5 exd5 10.Rd1 Nxc5 11.Bb5 Bd7 12.Nf1 Re8 13.Be3 Bd6 14.c3 Qc7 15.Bxd7 Qxd7
16.Nd4 a4 17.Qb5 Rec8 18.Qxd7 Ncxd7 19.Nf5 Bf8 20.Bd4 a3 21.Rab1 Ne4 22.f3 Nd6
23.Nxd6 Bxd6 24.Ne3 Ra5 25.b4 Rb5 26.Rb3 Ra8 27.Nc2 Be5 28.Bf2 d4 29.Nxa3 Rd5
30.c4 Rd6 31.Nb5 Rh6 32.Nxd4 Bxh2+ 33.Kf1 Be5 34.Ne2 Nb6 35.Bxb6 Rxb6 36.a3 g6
37.Rbd3 Kg7 38.Rb1 Rba6 39.Rbb3 Rc6 40.c5 h5 41.Nd4 Rc7 42.Nb5 Re7 43.Nd6 Bg3
44.Ne4 Bf4 45.g3 Be5 46.Kg2 Rae8 47.Rb1 f5 48.Nf2 Bf6 49.Rbd1 Ra8 50.Rd7 Kf7
51.R1d3 Bb2 52.Rxe7+ Kxe7 53.Rd6 Bxa3 54.Rb6 Ra7 55.Nd3 Kd7 56.Rxg6 Ra4 57.Rb6 Kc7
58.Kh3 Ra8 59.Nf4 Rh8 60.Nd5+ Kc8 61.Ne7+ Kc7 62.Nxf5 Bb2 63.Nd6 Be5 64.Rxb7+ Kc6
65.Rb6+ Kd5 66.Nf7 Rf8 67.Nxe5 Kxe5 68.f4+ Kd5 69.c6  1-0

[Event "Valoz Cup GMA"]
[Site "Olomouc CZE"]
[Date "2005.08.03"]
[Round "1"]
[White "Shanava,K"]
[Black "Cernousek,L"]
[Result "1-0"]
[WhiteElo "2477"]
[BlackElo "2375"]

1.e4 e6 2.d4 d5 3.Nd2 Nc6 4.Ngf3 Nf6 5.e5 Nd7 6.c3 f6 7.Nh4 g6 8.Qg4 Bg7
9.f4 Ne7 10.Bd3 c5 11.Ndf3 cxd4 12.cxd4 Qb6 13.Bd2 Nb8 14.Bxg6+ hxg6 15.Nxg6 Qd8
16.Bb4 Nf5 17.Nxh8 Bxh8 18.Qg6+ Kd7 19.Rc1 Ne7 20.Qf7 fxe5 21.Bxe7  1-0

[Event "15th ETC"]
[Site "Gothenburg SWE"]
[Date "2005.08.05"]
[Round "7"]
[White "Wagener,Cl"]
[Black "Spice,A"]
[Result "1-0"]
[WhiteElo "2273"]
[BlackElo "2175"]

1.e4 e6 2.d4 d5 3.Nd2 Nc6 4.Ngf3 Nf6 5.e5 Nd7 6.Be2 Be7 7.Nf1 Ncb8 8.Ne3 c5
9.c3 Nc6 10.O-O Qb6 11.b3 h6 12.Bb2 cxd4 13.cxd4 a5 14.a3 a4 15.b4 Qa7 16.Rc1 Nb6
17.Ne1 Bd7 18.f4 Qb8 19.Nd3 Na7 20.f5 Bg5 21.Nf4 exf5 22.Rc5 Be7 23.Nexd5 Bxc5
24.dxc5 Nxd5 25.Nxd5 Be6 26.Qxa4+ Nc6 27.Qxa8 Qxa8 28.Nc7+ Ke7 29.Nxa8 Rxa8
30.Rd1 f4 31.Kf2 g5 32.h3 Rh8 33.Bh5 Ra8 34.Rd6 Rc8 35.Bf3 Rc7 36.Bc3 Nd8
37.a4 Ke8 38.a5 Bc4 39.Rxh6 Ne6 40.Rh8+ Ke7 41.Rg8 Bd3 42.Bd5 Bh7 43.Rb8 Nd8
44.b5 Rd7 45.Bc4 Rd1 46.c6 bxc6 47.b6 c5 48.a6 Rc1 49.Ba5 Rxc4 50.Rxd8 Rc2+
51.Kf3  1-0

[Event "15th ETC"]
[Site "Gothenburg SWE"]
[Date "2005.08.06"]
[Round "8"]
[White "Upton,T"]
[Black "Spice,A"]
[Result "1/2-1/2"]
[WhiteElo "2250"]
[BlackElo "2175"]

1.e4 e6 2.d4 d5 3.Nd2 Nc6 4.Ngf3 Nf6 5.e5 Nd7 6.Bb5 Be7 7.O-O a6 8.Be2 f6
9.exf6 Bxf6 10.Nb3 O-O 11.c4 dxc4 12.Bxc4 Nb6 13.Bd3 a5 14.Be3 a4 15.Nc5 a3
16.bxa3 Rxa3 17.Qc1 Ra8 18.Qb2 Na4 19.Nxa4 Rxa4 20.Bxh7+ Kh8 21.Qc2 Ra5 22.Rfd1 Nb4
23.Qe4 Rxa2 24.Bg6 Qd5 25.Qf4 Bd7 26.Qxc7 Rxa1 27.Rxa1 Rc8 28.Qg3 Kg8 29.h4 Nc2
30.Rf1 Nxe3 31.fxe3 Qb3 32.Re1 Qc3 33.Be4 b5 34.Qg6 Kf8 35.h5 Be8 36.Qh7 b4
37.h6 gxh6 38.Qxh6+ Ke7 39.Rf1 Bb5 40.Qh7+ Kd6 41.Re1 Bc6 42.Qh2+ Ke7 43.Qh7+ Kd6
44.Qh2+ Ke7 45.Qh7+  1/2-1/2

[Event "XIII Adolfo Pedrido Mem"]
[Site "Vilagarcia de Arousa ESP"]
[Date "2005.08.06"]
[Round "6"]
[White "Espineira Gonzalez,D"]
[Black "Patino Romaris,J"]
[Result "1-0"]
[WhiteElo "2310"]
[BlackElo "2188"]

1.e4 e6 2.d4 d5 3.Nd2 Nc6 4.Ngf3 Nf6 5.e5 Nd7 6.Be2 f6 7.exf6 Qxf6 8.Nf1 Bd6
9.Ne3 O-O 10.O-O Nb6 11.a4 a5 12.Ng4 Qg6 13.h3 e5 14.Ngxe5 Bxe5 15.dxe5 Bxh3
16.Nh4 Qe4 17.f4 Qd4+ 18.Qxd4 Nxd4 19.Bd3 Bg4 20.Be3 Ne2+ 21.Bxe2 Bxe2 22.Rf2 Bg4
23.Bxb6 cxb6 24.f5 g5 25.fxg6 hxg6 26.Nxg6 Rxf2 27.Kxf2 Re8 28.Re1 Bf5 29.Nf4 Bxc2
30.Nxd5 Re6 31.Nc3 Bb3 32.g4 Rh6 33.Kg3 Kf7 34.Rf1+ Ke6 35.Rf6+ Rxf6 36.exf6 Kxf6
37.Kf4 Kg6 38.Ke5 Kg5 39.Kd6 Kxg4 40.Kc7 Kf4 41.Kxb7 Ke3 42.Kxb6 Kd3 43.Kxa5 Kc2
44.Kb4 Kxb2 45.a5 Be6 46.a6 Bc8 47.a7 Bb7 48.Na4+ Ka2 49.Nc5 Ba8 50.Kb5 Ka3
51.Ka5 Kb2 52.Kb6 Ka3 53.Kc7 Kb4 54.Kb8  1-0

[Event "FSIMB August"]
[Site "Budapest HUN"]
[Date "2005.08.07"]
[Round "2"]
[White "Sondermann,J"]
[Black "Werner,Di"]
[Result "1/2-1/2"]
[WhiteElo "2164"]
[BlackElo "2369"]

1.e4 e6 2.d4 d5 3.Nd2 Be7 4.Bd3 c5 5.dxc5 Nf6 6.exd5 Qxd5 7.Ngf3 Nc6 8.O-O Bxc5
9.Qe2 O-O 10.Rd1 Qh5 11.Ne4 Nxe4 12.Bxe4 a5 13.Bf4 a4 14.Bd6 Bxd6 15.Rxd6 a3
16.b3 Qc5 17.Qd3 Nb4 18.Bxh7+ Kh8 19.Qd4 Qxd4 20.Rxd4 Kxh7 21.Rxb4 Rd8 22.Rd4 Rxd4
23.Nxd4 e5 24.Nb5 Kg6 25.Nd6 Bf5 26.c4 Rd8 27.Nxb7 Rd2 28.Nc5 Rb2 29.Na4 Rc2
30.Nb6 Be4 31.Kf1 Rb2 32.Nd5 Bxd5 33.cxd5 Kf6 34.Rc1 Rxa2 35.Rc6+ Ke7 36.Ra6 e4
37.g4 Rd2 38.Rxa3 Rxd5 39.Ra4 Re5 40.Ke2 Kf6 41.Ke3 Rb5 42.b4 Rb7 43.Kxe4 Kg5
44.Kf3 f5 45.Ra5 g6 46.gxf5 gxf5 47.b5 Rh7 48.b6 Rh3+ 49.Kg2 Rb3 50.Ra6 Kg4
51.h3+ Kg5 52.Kh2 Kf4 53.Kg2 Ke5 54.f3 Rb2+ 55.Kf1 Kf4 56.Ra4+ Kxf3 57.Ra3+ Kf4
58.Ra6 Kg5 59.Kg1 f4 60.b7 Rxb7 61.Kg2 Rb2+ 62.Kf3 Rb3+ 63.Kg2 Rg3+ 64.Kh2 Rd3
65.Ra4 Rd2+ 66.Kg1 Kf5 67.Rb4 Ke5 68.Ra4 Rd3 69.Kg2 Rg3+ 70.Kh2 Rg8 71.Ra5+ Ke4  1/2-1/2

[Event "Agentura 64 Cup IMC"]
[Site "Olomouc CZE"]
[Date "2005.08.09"]
[Round "9"]
[White "Abdul,Majee"]
[Black "Aliev,K"]
[Result "1/2-1/2"]
[WhiteElo "2318"]
[BlackElo "2325"]

1.e4 e6 2.d4 d5 3.Nd2 a6 4.Ngf3 c5 5.dxc5 Bxc5 6.Bd3 Ne7 7.exd5 exd5 8.O-O h6
9.Nb3 Bd6 10.h3 O-O 11.c3 Nd7 12.Re1 Nf6 13.Nbd4 Nc6 14.Be3 Re8 15.Bc2 Bc7
16.Qd3 Qd6 17.b4 Ne4 18.Rad1 Ne5 19.Nxe5 Qxe5 20.f4 Qf6 21.Bb3 Qg6 22.Bf2 Rd8
23.Bxd5 Rxd5  1/2-1/2

[Event "Agentura 64 Cup IMC"]
[Site "Olomouc CZE"]
[Date "2005.08.09"]
[Round "9"]
[White "Pitl,G"]
[Black "Tibensky,R"]
[Result "1/2-1/2"]
[WhiteElo "2332"]
[BlackElo "2444"]

1.e4 e6 2.d4 d5 3.Nd2 a6 4.Ngf3 c5 5.dxc5 Bxc5 6.Bd3 Ne7 7.exd5 exd5 8.O-O h6
9.Nb3 Bd6 10.h3 O-O 11.c3 Nd7 12.Re1 Nf6 13.Nbd4 Nc6 14.Be3 Re8 15.Bc2 Be7
16.Qd3 Qd6 17.b4 Ne4 18.Rad1 Ne5 19.Nxe5 Qxe5 20.f4 Qf6 21.Bb3 Qg6 22.Bf2 Rd8
23.Bxd5 Rxd5  1/2-1/2

[Event "Ave-Kontakt Cup IMB"]
[Site "Olomouc CZE"]
[Date "2005.08.09"]
[Round "9"]
[White "Plat,V"]
[Black "Vavra,P1"]
[Result "1/2-1/2"]
[WhiteElo "1945"]
[BlackElo "2346"]

1.e4 e6 2.d4 d5 3.Nd2 Be7 4.c3 e5 5.Bd3 exd4 6.cxd4 dxe4 7.Nxe4 Nf6 8.Nf3 Nxe4
9.Bxe4 Nd7 10.O-O Nf6 11.Bd3 O-O 12.Ne5 g6 13.Bh6 Re8 14.Bb5 Nd7 15.Qa4 Nb6
16.Qd1 Nd7 17.Qa4 Nb6 18.Qd1  1/2-1/2

[Event "Stork YM"]
[Site "Hengelo NED"]
[Date "2005.08.11"]
[Round "7"]
[White "Lupulescu,C"]
[Black "Riazantsev,A"]
[Result "0-1"]
[WhiteElo "2542"]
[BlackElo "2599"]

1.e4 e6 2.d4 d5 3.Nd2 Nc6 4.Ngf3 Nf6 5.e5 Nd7 6.Bb5 a6 7.Bxc6 bxc6 8.c4 dxc4
9.Nxc4 Nb6 10.Qc2 Nxc4 11.Qxc4 Qd5 12.Qc2 c5 13.O-O cxd4 14.Nxd4 Bb7 15.Qa4+ Qd7
16.Qc4 Qd5 17.Qa4+ Qd7 18.Qc4 O-O-O 19.Nf3 Qd3 20.Qa4 Bc5 21.Bg5 Qg6 22.h4 Rd3
23.Rac1 Bb6 24.Rc6 Rxf3 25.Rxb6 cxb6 26.Rd1 h6 27.Qc4+ Kb8 28.Rd7 Rc8 29.Rxb7+ Kxb7  0-1

[Event "Open"]
[Site "Olomouc CZE"]
[Date "2005.08.11"]
[Round "9"]
[White "Venkatesh,M"]
[Black "Berry,N"]
[Result "1/2-1/2"]
[WhiteElo "2435"]
[BlackElo "2275"]

1.e4 e6 2.d4 d5 3.Nd2 Nc6 4.Ngf3 Nf6 5.e5 Nd7 6.c3 f6 7.exf6 Qxf6 8.Bb5 Bd6
9.O-O O-O 10.Nb3 e5 11.c4 dxc4 12.Bxc4+ Kh8 13.Ng5 h6 14.Qh5 Nb6 15.Nf7+ Kh7
16.Ng5+ Kh8 17.Nf7+ Kh7 18.Ng5+  1/2-1/2

[Event "TCh-ESP Premier North"]
[Site "Barcelona ESP"]
[Date "2005.08.12"]
[Round "2"]
[White "Baron Rodriguez,Je"]
[Black "Paredes Galan,A"]
[Result "1-0"]
[WhiteElo "2445"]
[BlackElo "2334"]

1.e4 e6 2.d4 d5 3.Nd2 Nc6 4.Ngf3 Nf6 5.e5 Nd7 6.Be2 f6 7.exf6 Qxf6 8.Nf1 Bd6
9.Ne3 b6 10.O-O Bb7 11.Ng4 Qf5 12.Nh4 Qf7 13.c3 h5 14.Ne3 g5 15.Nf3 g4 16.Ng5 Qg6
17.Nc2 O-O-O 18.Bd3 Qg8 19.f4 gxf3 20.Qxf3 Rf8 21.Qh3 Rxf1+ 22.Kxf1 Nd8 23.Bd2 Nf6
24.Ne1 Ne4 25.Nxe4 dxe4 26.Bc4 Qg4 27.Nc2 Rf8+ 28.Ke1 Qxh3 29.gxh3 Bxh2 30.Be3 Rf3
31.Kd2 Kd7 32.Rh1 Bg3 33.Be2 Rf5 34.h4 Nf7 35.Rg1 Bxh4 36.Rh1 Be7 37.Rxh5 Ng5
38.Rh8 Nf3+ 39.Kd1 Rf7 40.c4 c5 41.dxc5 Bxc5 42.b4 Bxe3 43.Nxe3 Rg7 44.Kc2 Kd6
45.Kc3 Ng1 46.Bg4 Ke5 47.Rf8 Rd7 48.Nc2 Rd3+ 49.Kb2 Nf3 50.Rf7 Bc6 51.Rxa7 Nd2
52.Rc7 Bd7 53.Be2 Rd6 54.c5 bxc5 55.bxc5 Rd5 56.Ne3 Rd4 57.c6 Be8 58.Rc8 Bg6
59.Rg8 Rd6 60.c7 Rb6+ 61.Kc2 Rc6+ 62.Kxd2  1-0

[Event "American Continental"]
[Site "Buenos Aires ARG"]
[Date "2005.08.12"]
[Round "7"]
[White "Zukerfeld,A"]
[Black "Uribe,M"]
[Result "1-0"]
[WhiteElo "2237"]
[BlackElo "2373"]

1.e4 e6 2.d4 d5 3.Nd2 Nc6 4.Ngf3 Nf6 5.e5 Nd7 6.Bd3 Nb4 7.Be2 c5 8.c3 Nc6
9.O-O f6 10.Re1 fxe5 11.Nxe5 Ndxe5 12.dxe5 Be7 13.Bd3 Kd7 14.c4 d4 15.a3 Kc7
16.Ne4 g5 17.Qh5 h6 18.Bd2 Bd7 19.Rab1 a5 20.b4 axb4 21.axb4 cxb4 22.c5 Ra3
23.Bc4 Qf8 24.Nd6 Rc3 25.Bxc3 dxc3 26.Qd1 Bxd6 27.exd6+ Kb8 28.Qa4 Qf5 29.Ra1 Kc8
30.Qa8+ Nb8 31.Qa5  1-0

[Event "American Continental"]
[Site "Buenos Aires ARG"]
[Date "2005.08.13"]
[Round "8"]
[White "Ruiz,Pa"]
[Black "Pacheco,Dan"]
[Result "0-1"]
[WhiteElo "2189"]
[BlackElo "2324"]

1.e4 e6 2.d4 d5 3.Nd2 Nc6 4.Ngf3 Nf6 5.e5 Nd7 6.Bb5 a6 7.Bxc6 bxc6 8.O-O c5
9.c4 c6 10.Re1 Be7 11.Qa4 Qb6 12.Nb3 O-O 13.Na5 Nb8 14.Be3 cxd4 15.Bxd4 c5
16.Bc3 d4 17.Bd2 Bd7 18.Qa3 Re8 19.Ng5 Nc6 20.Nxc6 Bxc6 21.Qd3 g6 22.b3 Qd8
23.h4 a5 24.Qh3 Ra6 25.Qg4 h5 26.Qg3 Kg7 27.f4 Qa8 28.f5 exf5 29.Nh3 Qd8
30.Qf4 Rh8 31.e6 f6 32.Qg3 Rg8 33.Qf4 Rh8 34.Qg3 Qe8 35.Qc7 Qd8 36.Qg3 Be4
37.Nf4 Qe8 38.Nd5 Bd6 39.Bf4 Qxe6 40.Bxd6 Qxd6 41.Nf4 Rh6 42.Red1 Kf7 43.Kh2 g5
44.hxg5 h4 45.g6+ Kg7 46.Qf2 Rxg6 47.Rg1 Rg4 48.g3 Kf7 49.Raf1 hxg3+ 50.Rxg3 Rg5
51.Rfg1 Ra8 52.Rh3 Rag8 53.Rgg3 d3 54.Rh7+ Ke8 55.Rhh3 d2  0-1

[Event "American Continental"]
[Site "Buenos Aires ARG"]
[Date "2005.08.13"]
[Round "8"]
[White "Real de Azua,E"]
[Black "Orsini,A"]
[Result "1-0"]
[WhiteElo "2386"]
[BlackElo "2233"]

1.e4 e6 2.d4 d5 3.Nd2 a6 4.Ngf3 c5 5.exd5 exd5 6.Be2 Nf6 7.O-O Be7 8.dxc5 Bxc5
9.Nb3 Bb6 10.Bg5 O-O 11.Nfd4 h6 12.Bh4 Nc6 13.c3 g5 14.Bg3 Ne4 15.Bd3 f5
16.Bxe4 Nxd4 17.Nxd4 dxe4 18.Qb3+ Kh7 19.Be5 Ba7 20.f4 exf3 21.Rxf3 Qe7 22.Re1 f4
23.Kh1 Bg4 24.Qc2+  1-0

[Event "ch-AUT"]
[Site "Gmunden AUT"]
[Date "2005.08.18"]
[Round "8"]
[White "Volkmann,F"]
[Black "Stanec,N"]
[Result "0-1"]
[WhiteElo "2429"]
[BlackElo "2566"]

1.e4 e6 2.d4 d5 3.Nd2 a6 4.Ngf3 Nf6 5.Bd3 c5 6.exd5 exd5 7.O-O c4 8.Re1+ Be7
9.Be2 Nc6 10.Nf1 O-O 11.Ne5 Ne4 12.Ng3 Nxe5 13.dxe5 Nxg3 14.hxg3 Bc5 15.Bf3 Be6
16.c3 Qb6 17.Qc2 Rfd8 18.Be3 Bxe3 19.Rxe3 d4 20.cxd4 Rxd4 21.Ree1 g6 22.Rad1 Rad8
23.Rxd4 Rxd4 24.Rd1 Rxd1+ 25.Qxd1 Kg7 26.Qd2 Qc7 27.a4 b5 28.axb5 axb5 29.Qb4 Qb6
30.Kf1 h5 31.Kg1 Qa6 32.Kh2 Qa4 33.Qc5 Qb3 34.Bc6 Qxb2 35.Bxb5 Qd2 36.Bc6 Qd3
37.f3 Qd2 38.Qe7 c3 39.Be8 Qd5 40.Ba4 Qxe5 41.f4 Qe4 42.Bb3 Bd5  0-1

[Event "2nd Open Fincas Mediterranea"]
[Site "Castelldefels ESP"]
[Date "2005.08.19"]
[Round "3"]
[White "Sanchez,Jose COL"]
[Black "Severri Arrese,C"]
[Result "1-0"]
[WhiteElo "1968"]
[BlackElo "2150"]

1.e4 e6 2.d4 d5 3.Nd2 a6 4.c3 c5 5.Ngf3 Nc6 6.exd5 exd5 7.dxc5 Bxc5 8.Be2 Nf6
9.O-O O-O 10.Nb3 Bd6 11.Bg5 h6 12.Bh4 g5 13.Bg3 Ne7 14.Bxd6 Qxd6 15.Nfd4 Ng6
16.Re1 Re8 17.Qc2 Re5 18.Nf3 Bf5 19.Bd3 Bxd3 20.Qxd3 Nf4 21.Qc2 Re4 22.Nbd2 Rxe1+
23.Rxe1 Qd7 24.Nf1 Re8 25.Rxe8+ Qxe8 26.c4 a5 27.cxd5 N6xd5  1-0